[Event "POL-ch U18 Girls"]
[Site "Sypniewo"]
[Date "2022.03.25"]
[Round "7"]
[White "Reszka, Zofia"]
[Black "Kaznowska, Weronika"]
[Result "1-0"]
[WhiteElo "1328"]
[BlackElo "1604"]
[PlyCount "93"]
[EventDate "2022.03.19"]
[EventType "swiss"]
[EventRounds "9"]
[EventCountry "POL"]
[SourceTitle "CBM 207 Extra"]
[Source "ChessBase"]
[SourceDate "2022.05.31"]
[SourceVersion "1"]
[SourceVersionDate "2022.05.31"]
[SourceQuality "1"]

1. e4 d5 2. exd5 Qxd5 3. Nc3 Qe5+ 4. Nge2 Qa5 5. d4 Nc6 6. d5 Nb4 7. a3 Bf5 8. Nd4 Nxd5 9. Bb5+ Bd7 10. Bxd7+ Kd8 11. Nc6+ bxc6 12. Bxc6 Rb8 13. Bxd5 Nf6 14. Bxf7+ Nd7 15. 0-0 Qf5 16. Qd5 Qxd5 17. Bxd5 e5 18. Rd1 Bd6 19. Ne4 h6 20. Nxd6 cxd6 21. b3 Ke7 22. f4 Rhc8 23. Rd2 Nf6 24. fxe5 dxe5 25. Bc4 a5 26. Re2 e4 27. Bf4 Rb6 28. Be5 a4 29. Bxf6+ gxf6 30. Rxe4+ Kf8 31. Rae1 axb3 32. cxb3 f5 33. Re6 Rbb8 34. Rxh6 Kg7 35. Rd6 Rc7 36. Ree6 Ra8 37. Rg6+ Kh7 38. Rh6+ Kg7 39. Rdg6+ Kf8 40. Rg8+ Ke7 41. Rxa8 Rd7 42. Rh7+ Kd6 43. Rxd7+ Kc5 44. Rc8+ Kb6 45. Bd5 Ka6 46. Rb7 Ka5 47. Ra8# 1-0

[Event "POL-ch U18 Girls"]
[Site "Sypniewo"]
[Date "2022.03.24"]
[Round "6"]
[White "Jedrzejko, Martyna"]
[Black "Reszka, Zofia"]
[Result "1-0"]
[WhiteElo "1517"]
[BlackElo "1328"]
[PlyCount "73"]
[EventDate "2022.03.19"]
[EventType "swiss"]
[EventRounds "9"]
[EventCountry "POL"]
[SourceTitle "CBM 207 Extra"]
[Source "ChessBase"]
[SourceDate "2022.05.31"]
[SourceVersion "1"]
[SourceVersionDate "2022.05.31"]
[SourceQuality "1"]

1. e4 c5 2. Nf3 e6 3. d4 cxd4 4. Nxd4 a6 5. Bd3 Nf6 6. Nc3 Bb4 7. Bd2 Nc6 8. Nb3 d5 9. exd5 Nxd5 10. Nxd5 Qxd5 11. 0-0 0-0 12. a3 Bd6 13. Bc3 Qg5 14. Bxh7+ Kxh7 15. Qxd6 Rh8 16. Qg3 Qxg3 17. hxg3 e5 18. f4 e4 19. f5 b5 20. Nc5 Re8 21. Rae1 Ra7 22. Rxe4 Rxe4 23. Nxe4 Re7 24. Nd6 Bd7 25. Bxg7 Re2 26. Bc3 Rxc2 27. Nxf7 Re2 28. Nd6 Ne5 29. Bxe5 Rxe5 30. g4 Kg8 31. Kf2 Kf8 32. Re1 Rd5 33. Ne4 Bc6 34. Rc1 Bb7 35. Rc7 Rd4 36. Rxb7 Rxe4 37. Kf3 1-0

[Event "POL-ch U17 Girls Qual"]
[Site "Jastrzebia Gora"]
[Date "2021.11.18"]
[Round "5"]
[White "Reszka, Zofia"]
[Black "Bychowska, Marta"]
[Result "0-1"]
[WhiteElo "1338"]
[BlackElo "1328"]
[PlyCount "94"]
[EventDate "2021.11.15"]
[EventType "swiss"]
[EventRounds "9"]
[EventCountry "POL"]
[SourceTitle "EXT 2023"]
[Source "ChessBase"]
[SourceDate "2022.10.05"]
[SourceVersion "1"]
[SourceVersionDate "2022.10.05"]
[SourceQuality "1"]

1. e4 e5 2. Nf3 Nc6 3. d4 exd4 4. Nxd4 Qh4 5. Qd3 Nb4 6. Qe2 a6 7. b3 d6 8. Nd2 c5 9. a3 Qf6 10. N2f3 cxd4 11. axb4 d3 12. e5 dxe2 13. exf6 exf1Q+ 14. Rxf1 Nxf6 15. c4 d5 16. c5 g6 17. Bb2 Bg7 18. Rd1 Be6 19. Ng5 Nh5 20. Bxg7 Nxg7 21. f3 h6 22. Nxe6 fxe6 23. Rf2 Kd7 24. g4 Kc6 25. f4 Rad8 26. Rd4 Rhe8 27. Re2 Rd7 28. Re5 Rf8 29. Ke2 Rdf7 30. Ke3 h5 31. h3 Rb8 32. Rd2 Kb5 33. f5 gxf5 34. gxh5 Rf6 35. Rg2 Nxh5 36. Rc2 Kxb4 37. c6 bxc6 38. Rxc6 Kxb3 39. Rxa6 Re8 40. h4 Kc4 41. Rc6+ Kb5 42. Rc7 Ra8 43. Kf3 Ra3+ 44. Kf2 Nf4 45. Kg1 Rg6+ 46. Kf1 Rf3+ 47. Ke1 Nd3+ 0-1

[Event "POL-chT U19 2nd League"]
[Site "Iwonicz"]
[Date "2016.07.31"]
[Round "6.89"]
[White "Reszka, Zofia"]
[Black "Zamarska, Sylwia"]
[Result "0-1"]
[WhiteElo "1127"]
[BlackElo "1601"]
[PlyCount "92"]
[EventDate "2016.07.23"]
[EventType "team-swiss"]
[EventRounds "11"]
[EventCountry "POL"]
[SourceTitle "EXT 2019"]
[Source "ChessBase"]
[SourceDate "2018.10.10"]
[SourceVersion "1"]
[SourceVersionDate "2018.10.10"]
[SourceQuality "1"]
[WhiteTeam "Puszcza Marianska UKS Hetman U19"]
[BlackTeam "Cieszyn MUKS SZS U19"]
[WhiteTeamCountry "POL"]
[BlackTeamCountry "POL"]

1. e4 c6 2. d4 d5 3. Nc3 dxe4 4. Nxe4 Bf5 5. Ng3 Bg6 6. Nf3 Nd7 7. Bd3 Ngf6 8. 0-0 Qc7 9. Re1 0-0-0 10. c4 e6 11. Qc2 Bd6 12. c5 Bxd3 13. Qxd3 Bxg3 14. hxg3 Nxc5 15. Qa3 Na6 16. Bf4 Qb6 17. Rad1 Qb4 18. Qc3 Nd5 19. Qxb4 Naxb4 20. a3 Nxf4 21. gxf4 Nd5 22. g3 Nb6 23. b3 Rd5 24. a4 h6 25. Re5 Rhd8 26. Rde1 Kc7 27. Rxd5 Rxd5 28. Re5 Rxe5 29. fxe5 Nd5 30. Kf1 b5 31. axb5 cxb5 32. Ke2 Kb6 33. Kd3 Ka5 34. Kc2 Kb4 35. Nd2 a5 36. Ne4 a4 37. bxa4 bxa4 38. Kb2 a3+ 39. Ka1 Kc4 40. Nd6+ Kb3 41. Nxf7 Nb4 42. Kb1 a2+ 43. Kc1 a1Q+ 44. Kd2 Qxd4+ 45. Kc1 Na2+ 46. Kb1 Qb2# 0-1